Gossip Girl Episode Titles Quiz Stats

 Plays Quiz not verified by Sporcle

Challenge
Share
Tweet
Embed
Score 0/10 Timer 15:00
0 Plays Today
% Correct
The Blair Bitch Project
86.9%
You've Got Yale!
85.7%
The Thin Line Between Chuck And Nate
77.6%
The Sixteen Year Old Virgin
73.7%
The Ex-Files
72.2%
The Backup Dan
68.6%
Rufus Getting Married
66.6%
The Magnificent Archibalds
66.4%
Shattered Bass
65.9%
Beauty And The Feast
51.2%

You're not logged in!

Compare scores with friends on all Sporcle quizzes.
Join for Free
OR
Log In

You Might Also Like...

Show Comments

Extras

Top Quizzes Today


Score Distribution

Your Account Isn't Verified!

In order to create a playlist on Sporcle, you need to verify the email address you used during registration. Go to your Sporcle Settings to finish the process.

Report this User

Report this user for behavior that violates our Community Guidelines.

Details: